Mathematical analysis : (Record no. 93051)

MARC details
000 -LEADER
fixed length control field 00629nam a22001937a 4500
005 - DATE AND TIME OF LATEST TRANSACTION
control field 20150605115418.0
010 ## - LCCN (DPL NO)
LC control number ENG-112841
020 ## - INTERNATIONAL STANDARD BOOK NUMBER
Terms of availability 400.00
International Standard Book Number 9789383420001
035 ## - SYSTEM CONTROL NUMBER
System control number EN-96373
037 ## - SOURCE OF ACQUISITION
Source of stock number/acquisition DBAD/PUB
082 ## - DEWEY DECIMAL CLASSIFICATION NUMBER
Classification number 515
100 ## - MAIN ENTRY--PERSONAL NAME
Personal name Bandyopadhyay, Sitansu
245 ## - TITLE STATEMENT
Title Mathematical analysis :
Statement of responsibility, etc by Sitansu Bandyopadhyay
Remainder of title problems & solutions /
250 ## - EDITION STATEMENT
Edition statement 4th ed ; revised by Bidyut Guha Thakurata
260 ## - PUBLICATION, DISTRIBUTION, ETC. (IMPRINT)
Place of publication, distribution, etc Kolkata
Name of publisher, distributor, etc Academic Publishers
Date of publication, distribution, etc 2014
270 ## - ADDRESS
Address 5A Bhawani Dutta Lane,
City Kolkata
Postal code 700073
Electronic mail address www.academicpublishers.in
300 ## - PHYSICAL DESCRIPTION
Extent 599p.
Dimensions 24cm(pbk)
942 ## - ADDED ENTRY ELEMENTS (KOHA)
Source of classification or shelving scheme Dewey Decimal Classification
Item type English Books
Call number suffix BAN
Classification part 515
Holdings
Withdrawn status Lost status Not for loan Collection code Home library Current library Date acquired Source of acquisition Cost, normal purchase price Full call number Barcode Copy number Cost, replacement price Koha item type
    Not For Loan Non-fiction D.B.Act.Division D.B.Act.Division 17/04/2015 DBAD/PUB 400.00 515 BAN EN-96373 1 400.00 English Books

© Delhi Public Library
Hit Counter
free hit counter